000 01405nam0a22002891 4500
001 rc\1072168
005 20250622101147.0
035 _a(NLR Aleph) 006231953
090 _a6581354
_c6581354
100 _a20041129d1980 |||y0rusy50 ca
101 0 _arus
102 _aRU
105 _ay |||||||||
200 1 _aМатериальное стимулирование работников за качество продукции
_eОбзор
_f[Ф.Т. Шибаев, С.Е. Демент, Н.Н. Богачев]
210 _aМ.
_cЦНИИТЭИтракторосельхозмаш
_d1980
215 _a26 с.
_d21
225 1 _aОбзорная информация
_fЦНИИ информ. и техн.-экон. исслед. по тракт. и с.-х. машиностроению
_iСерия "Экономика, организация, планирование и управление в тракторном и сельскохозяйственном машиностроении. Стандартизация"
_vВып. 5
300 _aВ надзаг. также: М-во тракт. и с.-х. машиностроения
320 _aБиблиогр.: с. 24-25
700 1 _aШибаев
_bФ.Т.
701 1 _aДемент
_bС.Е.
701 1 _aБогачев
_bН.Н.
801 0 _aRU
_bNLR
_gpsbo
801 1 _aRU
_bELAR
_2rusmarc
852 _aNLR
_jП22/4653
942 _cBOOK
980 _aNB